[Event "Astral Open"]
[Site "Bucharest ROM"]
[Date "2001.04.23"]
[Round "2"]
[White "Ionescu,M"]
[Black "Vladescu,F"]
[Result "1-0"]
[WhiteElo "2338"]
[BlackElo "2150"]

1.d4 Nf6 2.c4 g6 3.Nc3 Bg7 4.e4 d6 5.Nf3 O-O 6.Be2 e5 7.Be3 Nc6 8.d5 Ne7
9.Nd2 Nd7 10.b4 f5 11.f3 f4 12.Bf2 Nf6 13.c5 g5 14.Nc4 Ne8 15.a4 h5 16.h4 g4
17.fxg4 hxg4 18.Bxg4 f3 19.Bxf3 Ng6 20.h5 Nf4 21.Ne2 Bh6 22.Be3 Qf6 23.Nxf4 Bxf4
24.Bxf4 exf4 25.Rc1 Bd7 26.Kf1 Qe7 27.Qd4 Bxa4 28.e5 Bb5 29.e6 Ng7 30.Kf2 Nf5
31.Qxf4 dxc5 32.Qg4+ Kh8 33.Ne5 Be8 34.bxc5 Qf6 35.Rce1 Rd8 36.Kg1 Rxd5 37.Bxd5 Ne3
38.Ng6+  1-0

[Event "Zone 3.2b (Oceana) Women"]
[Site "Gold Coast AUS"]
[Date "2001.04.23"]
[Round "4"]
[White "Szuveges,N"]
[Black "Berezina,I"]
[Result "0-1"]
[WhiteElo "2078"]
[BlackElo "2295"]

1.d4 Nf6 2.c4 g6 3.Nc3 Bg7 4.e4 d6 5.Nf3 O-O 6.Be2 e5 7.O-O Nbd7 8.h3 a5
9.Be3 Re8 10.d5 Rf8 11.Ne1 Nc5 12.f3 Nh5 13.Nd3 Nxd3 14.Bxd3 Nf4 15.Kh2 b6
16.Rf2 f5 17.Bf1 Nh5 18.Rd2 Bf6 19.Rc2 Bh4 20.Ne2 Bd7 21.b3 fxe4 22.fxe4 Qf6
23.Nc3 Rf7 24.Be2 Bg3+ 25.Kh1 Qh4 26.Bg4 Bxg4 27.Qxg4 Qxg4 28.hxg4 Nf6 29.g5 Ng4
30.Bg1 Raf8 31.Rcc1 Bh4 32.Nb5 Bxg5 33.Re1 Bh4 34.Rec1 Bd8 35.Nc3 Bg5 36.Rd1 Ne3
37.Bxe3 Bxe3 38.Nb5 g5 39.a3 Rf6 40.Nxc7 Rh6+  0-1

[Event "4th Open"]
[Site "Tanta City EGY"]
[Date "2001.04.23"]
[Round "5"]
[White "Loeffler,S"]
[Black "Spasov,V"]
[Result "0-1"]
[WhiteElo "2413"]
[BlackElo "2571"]

1.Nf3 Nf6 2.d4 g6 3.c4 Bg7 4.Nc3 d6 5.e4 O-O 6.Be2 e5 7.Bg5 h6 8.Bh4 exd4
9.Nxd4 Nc6 10.Nxc6 bxc6 11.O-O Re8 12.f4 Qe7 13.Bf3 Rb8 14.Qc2 Qf8 15.Rfe1 Nd7
16.Rad1 Nc5 17.Bf2 Ne6 18.Bxa7 Rb4 19.f5 Ng5 20.Rf1 c5 21.f6 Bh8 22.Nb5 Nxf3+
23.Rxf3 Bg4 24.Nxc7 Bxf3 25.gxf3 Re5 26.f4 Rh5 27.e5 Qc8 28.Nd5 Qg4+ 29.Kf1 Rxc4
30.Qe2 Rxf4+ 31.Nxf4 Qxf4+ 32.Qf2 Qc4+  0-1

[Event "2nd ch-EUR Women"]
[Site "Warsaw POL"]
[Date "2001.04.23"]
[Round "2"]
[White "Umanskaya,I"]
[Black "Lomineishvili,M"]
[Result "1/2-1/2"]
[WhiteElo "2313"]
[BlackElo "2439"]

1.d4 Nf6 2.Nf3 g6 3.c4 Bg7 4.Nc3 O-O 5.e4 d6 6.Be2 e5 7.dxe5 dxe5 8.Qxd8 Rxd8
9.Bg5 Re8 10.Nd5 Nxd5 11.cxd5 c6 12.Bc4 b5 13.Bb3 Bb7 14.Rc1 Rc8 15.Be3 h6
16.O-O Nd7 17.dxc6 Bxc6 18.Nd2 a5 19.a3 a4 20.Ba2 Bb7 21.f3 Bf8 22.Nb1 Nc5
23.Rc3 Rc7 24.Rfc1 Rac8 25.Nd2 h5 26.b4 Na6 27.Rxc7 Rxc7 28.Rxc7 Nxc7 29.Nb1 Bd6
30.Nc3 Bc6 31.Bb1  1/2-1/2

[Event "Zone 3.2b (Oceana)"]
[Site "Gold Coast AUS"]
[Date "2001.04.24"]
[Round "6"]
[White "Sandler,L"]
[Black "Zhao Zong Yuan"]
[Result "1/2-1/2"]
[WhiteElo "2400"]
[BlackElo "2390"]

1.Nf3 Nf6 2.c4 g6 3.Nc3 Bg7 4.e4 O-O 5.d4 d6 6.Be2 e5 7.dxe5 dxe5 8.Qxd8 Rxd8
9.Bg5 c6 10.Nxe5 Re8 11.f4 Nh5 12.Bxh5 gxh5 13.Bh4 Nd7 14.Bg3 Nxe5 15.fxe5 Bxe5
16.Bxe5 Rxe5 17.O-O Be6 18.b3 Kf8 19.Rf4 Ke7 20.Rd1 Rg8 21.Rd2 Rg4 22.Rxg4 hxg4
23.Kf2 a5 24.Kg3 f6 25.Kf4 Rh5 26.g3 Rg5 27.Nd1 h6 28.Ne3 Re5 29.Rd1 b5 30.cxb5 Rxb5
31.Rc1 Kd7 32.Rd1+ Ke7 33.Rc1 Kd7 34.Rd1+  1/2-1/2

[Event "4th Open"]
[Site "Tanta City EGY"]
[Date "2001.04.24"]
[Round "6"]
[White "Ikonnikov,V"]
[Black "Surjadnji,A"]
[Result "1-0"]
[WhiteElo "2558"]
[BlackElo "2431"]

1.d4 Nf6 2.Nf3 g6 3.c4 Bg7 4.Nc3 O-O 5.e4 d6 6.Be2 e5 7.O-O Nbd7 8.Qc2 Nh5
9.Rd1 Nf4 10.Bf1 c5 11.dxe5 dxe5 12.Rb1 Ne6 13.b4 b6 14.bxc5 bxc5 15.Qa4 Nd4
16.Nxd4 exd4 17.Nd5 Nf6 18.Bg5 Qd6 19.Bxf6 Bxf6 20.f4 Bg7 21.e5 Qd8 22.Qa3 Bg4
23.Rd2 f6 24.exf6 Bxf6 25.Qxc5 Bg7 26.Rb7 a5 27.Be2 Bc8 28.Rc7 Be6 29.Bf3 Rb8
30.g3 Bh3 31.Be4 Kh8 32.Rd1 Re8 33.Bd3 a4 34.Qa7 Ra8 35.Qc5 Re6 36.Bf1 Bf5
37.Rxg7 Kxg7 38.Nc7 Rc8 39.Nxe6+ Bxe6 40.Qxd4+ Qxd4+ 41.Rxd4 a3 42.Kf2 Bf5
43.Ke3 Bb1 44.Rd7+ Kh6 45.Rd2 Re8+ 46.Kd4 Rd8+ 47.Kc3 Rxd2 48.Kxd2 Bxa2 49.Kc3 Bb1
50.Bh3 g5 51.c5 Be4 52.Kb3 Kh5 53.Kxa3 gxf4 54.gxf4 Kh4 55.Bd7 h5 56.Kb4 Bd5
57.Kb5 Bb3 58.f5  1-0

[Event "Astral Open"]
[Site "Bucharest ROM"]
[Date "2001.04.25"]
[Round "5"]
[White "Itkis,B"]
[Black "Sofronie,I"]
[Result "1/2-1/2"]
[WhiteElo "2442"]
[BlackElo "2405"]

1.d4 Nf6 2.c4 g6 3.Nc3 Bg7 4.e4 O-O 5.Nf3 d6 6.Be2 e5 7.Be3 Ng4 8.Bg5 f6
9.Bh4 g5 10.Bg3 Nh6 11.d5 a5 12.Nd2 Na6 13.a3 Bd7 14.O-O f5 15.exf5 Nxf5
16.Nde4 b6 17.Rb1 Nc5 18.b4 axb4 19.axb4 Nxe4 20.Nxe4 Nd4 21.Rb2  1/2-1/2

[Event "TSGM"]
[Site "Belgrade YUG"]
[Date "2001.04.26"]
[Round "6"]
[White "Milanovic,D"]
[Black "Mozetic,D"]
[Result "1-0"]
[WhiteElo "2421"]
[BlackElo "2480"]

1.d4 Nf6 2.c4 g6 3.Nc3 Bg7 4.e4 d6 5.Be2 O-O 6.Nf3 e5 7.O-O exd4 8.Nxd4 Re8
9.f3 c6 10.Kh1 Nbd7 11.Bg5 Qb6 12.Nb3 a5 13.Qd2 a4 14.Be3 Qd8 15.Nd4 Nc5
16.Rfd1 Nfd7 17.Bf1 Be5 18.g3 Qb6 19.Rab1 Qa5 20.Bf2 Nb8 21.Be1 Nba6 22.Kg2 Bd7
23.Nce2 Qc7 24.b4 axb3 25.axb3 Qc8 26.Ng1 Nc7 27.b4 Na4 28.Bf2 c5 29.Nde2 cxb4
30.Qxb4 Bc6 31.Nd4 Na6 32.Qd2 N6c5 33.Nxc6 Qxc6 34.Ne2 Qc8 35.Rdc1 Ra6 36.Nd4 Rf8
37.Be3 Ne6 38.Nxe6 fxe6 39.c5 Nxc5 40.Bxa6 bxa6 41.Bxc5 dxc5 42.Rb6 Bd4 43.Qa2 Re8
44.Qxa6 Qd7 45.Qb5 Qf7 46.Rb7 Re7 47.Rxe7 Qxe7 48.Qb8+  1-0

[Event "TSIM"]
[Site "Belgrade YUG"]
[Date "2001.04.27"]
[Round "7"]
[White "Vasovski,N"]
[Black "Jovanovic,ST"]
[Result "1/2-1/2"]
[WhiteElo "2359"]
[BlackElo "2284"]

1.d4 Nf6 2.c4 g6 3.Nc3 Bg7 4.e4 d6 5.Be2 O-O 6.Nf3 e5 7.Be3 Qd7 8.d5 a5 9.O-O Na6
10.Qc2 h6 11.h3 Qe7 12.a3 Bd7 13.b3 Nh5 14.Rfe1 f5 15.exf5 Bxf5 16.Qd2 Nf4
17.Bxf4 exf4 18.Bd3 Qf6 19.Rac1 Nc5 20.Bxf5 Qxf5 21.Rb1 Qd3 22.Nb5 Rf7  1/2-1/2

[Event "2nd ch-EUR Women"]
[Site "Warsaw POL"]
[Date "2001.04.27"]
[Round "6"]
[White "Galianina Ryjanova,J"]
[Black "Kovalevskaya,E"]
[Result "0-1"]
[WhiteElo "2393"]
[BlackElo "2488"]

1.d4 Nf6 2.c4 d6 3.Nc3 e5 4.Nf3 Nbd7 5.e4 g6 6.Be2 Bg7 7.O-O O-O 8.Qc2 Nh5
9.Rd1 Nf4 10.Bf1 c5 11.d5 Nf6 12.Bxf4 exf4 13.e5 dxe5 14.Nxe5 Re8 15.Nd3 f3
16.g3 Bf5 17.Qd2 b6 18.Re1 Ne4 19.Nxe4 Bxe4 20.Rac1 Bd4 21.Nb4 Qf6 22.Nd3 Re7
23.Qf4 Qxf4 24.gxf4 f5 25.h3 Rg7 26.b3 g5 27.fxg5 Rxg5+ 28.Kh1 Kh8 29.Rcd1 Rag8
30.Kh2 Rg1 31.h4 R1g4 32.Bh3 Rxh4 33.Rg1 Rxg1 34.Kxg1 Rxh3 35.d6 Rh6  0-1

[Event "zt3.3"]
[Site "HeiBei CHN"]
[Date "2001.04.29"]
[Round "13"]
[White "Liang Chong"]
[Black "Wang Rui"]
[Result "1-0"]
[WhiteElo "2560"]
[BlackElo "2526"]

1.d4 d6 2.Nf3 g6 3.c4 Nf6 4.Nc3 Bg7 5.e4 O-O 6.Be2 Nbd7 7.O-O e5 8.Be3 Qe7
9.Qc2 a5 10.dxe5 dxe5 11.Nd5 Qd8 12.Rad1 Rb8 13.c5 c6 14.Nb6 Qe7 15.Na4 Nh5
16.g3 f5 17.exf5 gxf5 18.Ng5 Ndf6 19.Nb6 h6 20.Bc4+ Kh8 21.Nxc8 Rbxc8 22.Ne6 f4
23.Bc1 Rfe8 24.Qg6 Nd5 25.Nxg7 Nxg7 26.Qxh6+ Kg8 27.Rxd5 cxd5 28.Bxd5+ Ne6
29.Bxf4 exf4 30.Re1 Rc6 31.Re5 fxg3 32.Qg6+  1-0

[Event "Bank Pocztowy Open A"]
[Site "Bydgoszcz POL"]
[Date "2001.04.30"]
[Round "4"]
[White "Popov,Val"]
[Black "Socko,B"]
[Result "1-0"]
[WhiteElo "2545"]
[BlackElo "2554"]

1.d4 Nf6 2.Nf3 g6 3.c4 Bg7 4.Nc3 d6 5.e4 O-O 6.Be2 e5 7.Be3 Ng4 8.Bg5 f6
9.Bc1 Nh6 10.dxe5 fxe5 11.c5 Nf7 12.cxd6 cxd6 13.O-O Nc6 14.Be3 Be6 15.Qd2 Qd7
16.Rfd1 h6 17.Rab1 Rfd8 18.Nd5 Ne7 19.Bc4 b6 20.Rbc1 Nxd5 21.Bxd5 Rac8 22.h3 Rxc1
23.Rxc1 Rc8 24.Rxc8+ Qxc8 25.Bxe6 Qxe6 26.b3 g5 27.Qd3 Nd8 28.Qb5 Kf8 29.Nd2 Qe8
30.Qd3 Qc6 31.Nc4 Ke7 32.Bd2 Kd7 33.h4 Ne6 34.Qf3 Kc7 35.hxg5 hxg5 36.Qf5 Nd4
37.Qxg5 Bf8 38.Qf6 b5 39.Qf7+ Qd7 40.Ba5+  1-0

[Event "54th ch-RUS"]
[Site "Elista RUS"]
[Date "2001.04.30"]
[Round "1"]
[White "Belozerov,A"]
[Black "Dolmatov,S"]
[Result "1/2-1/2"]
[WhiteElo "2494"]
[BlackElo "2587"]

1.d4 Nf6 2.c4 g6 3.Nc3 Bg7 4.e4 d6 5.Nf3 O-O 6.Be2 e5 7.d5 a5 8.Be3 Ng4 9.Bg5 f6
10.Bd2 f5 11.Ng5 Na6 12.exf5 gxf5 13.Bxg4 fxg4 14.Nge4 Qe8 15.Qe2 Qg6 16.h3 Nc5
17.hxg4 Bxg4 18.f3 Nxe4 19.Nxe4 Bf5 20.g4 Bxe4 21.Qxe4 b6 22.Ke2 Rf7 23.Rh3 Re8
24.Rxh7  1/2-1/2

[Event "Karpov It"]
[Site "Poikovsky RUS"]
[Date "2001.05.01"]
[Round "1"]
[White "Obodchuk,A"]
[Black "Morovic Fernandez,I"]
[Result "1/2-1/2"]
[WhiteElo "2419"]
[BlackElo "2565"]

1.d4 Nf6 2.c4 d6 3.Nc3 e5 4.Nf3 Nbd7 5.e4 g6 6.Be2 Bg7 7.O-O O-O 8.Re1 c6
9.Bf1 exd4 10.Nxd4 Re8 11.Nb3 Qc7 12.Bf4 Ne5 13.Rc1 Nh5 14.Bg5 h6 15.Bh4 g5
16.Bxg5 Bg4 17.Be2 Bxe2 18.Qxe2 hxg5 19.Qxh5 Nd3 20.Qxg5 Qb6 21.Qd2 Nxe1
22.Rxe1 Re6 23.Re3 Rae8 24.Rd3 f5 25.Rxd6 Rxd6 26.Qxd6 fxe4 27.Qg6 Qd8 28.h3 e3
29.fxe3 Rxe3 30.Ne4 Qf8 31.Qg4 Re1+ 32.Kh2 Qb8+ 33.g3  1/2-1/2

[Event "2nd ch-EUR Women"]
[Site "Warsaw POL"]
[Date "2001.05.01"]
[Round "9"]
[White "Javakhishvili,L"]
[Black "Georgieva,L"]
[Result "0-1"]
[WhiteElo "2304"]
[BlackElo "2162"]

1.d4 Nf6 2.c4 g6 3.Nc3 Bg7 4.e4 d6 5.Nf3 O-O 6.Be2 e5 7.Be3 Ng4 8.Bg5 f6
9.Bh4 Nc6 10.d5 Ne7 11.Nd2 h5 12.b4 a5 13.bxa5 Rxa5 14.Nb3 Ra8 15.h3 Nh6
16.f3 b6 17.a4 g5 18.Bf2 f5 19.a5 bxa5 20.Nxa5 c5 21.Nc6 Rxa1 22.Qxa1 Qd7
23.Qa4 Rf7 24.O-O Ng6 25.Rb1 Nf4 26.Bd1 Bf8 27.Rb8 g4 28.hxg4 fxg4 29.Bh4 Nxg2
30.Ne7+ Kh7 31.Qxd7 Bxd7 32.Kxg2 Bxe7 33.Bxe7 Rxe7 34.Nb5 Nf7 35.Rb6 Kg6
36.fxg4 hxg4 37.Nxd6 Nxd6 38.Rxd6+ Kg5 39.Ra6 Kf4 40.Bc2 Rh7 41.Bd1 Rf7 42.Ra7 Ke3
43.Bxg4 Rg7 44.Rxd7 Rxg4+ 45.Kh3 Rxe4 46.Rc7 Kd4 47.d6 Kxc4 48.d7 Rd4 49.Kg3 Kb4
50.Rb7+ Kc3 51.Rb5 c4 52.Rxe5 Rxd7 53.Kf3 Kb3 54.Ke4 c3 55.Rc5 c2 56.Ke3 Kb2
57.Rb5+ Kc3 58.Rc5+ Kb3 59.Ke2 Rd1  0-1

[Event "Bank Pocztowy Open A"]
[Site "Bydgoszcz POL"]
[Date "2001.05.03"]
[Round "6"]
[White "Szymanski,M"]
[Black "Olszewski,Ma"]
[Result "1-0"]
[WhiteElo "2359"]
[BlackElo "2131"]

1.d4 Nf6 2.c4 d6 3.Nf3 Nbd7 4.Nc3 e5 5.e4 g6 6.Be2 Bg7 7.O-O O-O 8.Re1 c6
9.Bf1 h6 10.dxe5 dxe5 11.Qc2 Qe7 12.Na4 Nc5 13.Nxc5 Qxc5 14.h3 Nh5 15.Bd2 Qe7
16.b4 Nf4 17.Bc3 c5 18.Qb2 Re8 19.bxc5 Qxc5 20.Rad1 Qc7 21.Qb5 Qc6 22.Qb2 f6
23.Bb4 Be6 24.Nd2 Rad8 25.Qa3 b6 26.Qf3 Bf7 27.Nb1 Rxd1 28.Rxd1 Ne6 29.Nc3 Nd4
30.Qd3 a5 31.Ba3 Bf8 32.Bxf8 Rxf8 33.Nd5 Kg7 34.Rb1 Bxd5 35.cxd5 Qd6 36.Qa6 Rb8
37.Qa7+ Kg8 38.Rc1 Qf8 39.Rc7 f5 40.a4 Rc8 41.d6 Kh8 42.Bc4 Rxc7 43.Qxc7  1-0

[Event "2nd ch-EUR Women"]
[Site "Warsaw POL"]
[Date "2001.05.03"]
[Round "11"]
[White "Javakhishvili,L"]
[Black "Dolzhikova,O"]
[Result "1/2-1/2"]
[WhiteElo "2304"]
[BlackElo "2229"]

1.d4 Nf6 2.c4 g6 3.Nc3 Bg7 4.e4 d6 5.Nf3 O-O 6.Be2 e5 7.Be3 exd4 8.Nxd4 Re8
9.f3 c6 10.Qd2 d5 11.exd5 cxd5 12.O-O Nc6 13.Rad1 Nxd4 14.Bxd4 dxc4 15.Bxc4 Be6
16.Bb5 Rf8 17.Qf2 Qa5 18.Qh4 Nh5 19.Bxg7  1/2-1/2

[Event "Backa Open"]
[Site "Palanka YUG"]
[Date "2001.05.04"]
[Round "3"]
[White "Dermisek,S"]
[Black "Kokeza,M"]
[Result "0-1"]
[WhiteElo "2082"]
[BlackElo "2272"]

1.d4 Nf6 2.Nf3 g6 3.c4 Bg7 4.Nc3 O-O 5.e4 d6 6.Be2 e5 7.O-O Na6 8.h3 Qe8
9.dxe5 dxe5 10.Be3 Nh5 11.Re1 Nf4 12.Bf1 Be6 13.a3 h6 14.Qc2 g5 15.b4 f5
16.b5 Nb8 17.Bc5 Rf7 18.Nd5 fxe4 19.Qxe4 Bf5 20.Qe3 Nd7 21.Nxc7 Qc8 22.Bd6 Rf6
23.c5 Rb8 24.Nxe5 Rxd6 25.cxd6 Bxe5 26.Qb3+ Kg7 27.Rad1 Qf8 28.g4 Bg6 29.Ne6+ Nxe6
30.Qxe6 Qe8 31.Qe7+ Bf7 32.b6 a6 33.Bc4 Bf6 34.Qxf7+ Qxf7 35.Bxf7 Kxf7 36.Rc1 Ne5
37.Red1 Nc6 38.Rc4 Rd8 39.Re4 Be5 40.d7 Ke6 41.h4 Rxd7 42.Rde1 Kf6 43.hxg5+ hxg5
44.Kg2 Rh7 45.Rd1 Ke6 46.Rd3 Rf7 47.Rh3 Kd5 48.f3 Nd4 49.Re3 Ne6 50.Rh6 Nf4+
51.Kf1 Bd4 52.Re8 Nd3 53.Rd8+ Kc4 54.Rc8+ Bc5 55.Ke2 Re7+ 56.Kd2 Ne5 57.Rf6 Rh7
58.f4 Rh2+ 59.Kd1 Nxg4 60.Re6 gxf4 61.Re4+ Kd3  0-1

[Event "Backa Open"]
[Site "Palanka YUG"]
[Date "2001.05.05"]
[Round "4"]
[White "Benkovic,P"]
[Black "Kosanovic,G"]
[Result "1-0"]
[WhiteElo "2410"]
[BlackElo "2437"]

1.Nf3 Nf6 2.c4 g6 3.Nc3 Bg7 4.e4 d6 5.d4 O-O 6.Be2 e5 7.O-O exd4 8.Nxd4 Re8
9.f3 Nc6 10.Be3 Nh5 11.Qd2 Nxd4 12.Bxd4 Nf4 13.Rfd1 Bxd4+ 14.Qxd4 f5 15.Bf1 Qg5
16.Kh1 Be6 17.g3 Nh5 18.exf5 gxf5 19.f4 Qh6 20.Kg1 Re7 21.Bg2 Qf6 22.b3 Qxd4+
23.Rxd4 Rb8 24.Re1 Kf7 25.Rd2 Nf6 26.Rde2 c6 27.Nd5 Nxd5 28.cxd5 cxd5 29.Rxe6 Rxe6
30.Bxd5 Re8 31.g4 Kf6 32.g5+  1-0

[Event "FSIMA May"]
[Site "Budapest HUN"]
[Date "2001.05.06"]
[Round "2"]
[White "Galyas,M"]
[Black "Sinkovics,P"]
[Result "0-1"]
[WhiteElo "2371"]
[BlackElo "2317"]

1.d4 Nf6 2.c4 g6 3.Nc3 Bg7 4.e4 d6 5.Nf3 O-O 6.Be2 e5 7.O-O Nbd7 8.Qc2 a5
9.Rd1 exd4 10.Nxd4 Re8 11.Ndb5 Nc5 12.f3 Bd7 13.Be3 b6 14.Qd2 Qc8 15.Bf1 Be6
16.Bd4 Nfd7 17.Bxg7 Kxg7 18.Qd4+ Kg8 19.f4 Qd8 20.Re1 Na6 21.f5 gxf5 22.exf5 Bxf5
23.Rxe8+ Qxe8 24.Nd5 Qd8 25.Re1 Be6 26.Nf4 Ne5 27.Rxe5 dxe5 28.Qxe5 Qf8 29.Nd4 Qg7
30.Qe3 Rd8 31.Ndxe6 fxe6 32.Qxe6+ Kh8 33.g3 Nc5 34.Qe2 Qd4+ 35.Kg2 Qe4+ 36.Qxe4 Nxe4
37.Nd5 Rf8 38.Bd3 Nc5 39.Be2 c6 40.Nc3 Rd8 41.Nb1 Nd3 42.b3 Nc1 43.Bf3 Nxa2
44.Bxc6 Nc1  0-1

[Event "54th ch-RUS"]
[Site "Elista RUS"]
[Date "2001.05.06"]
[Round "6"]
[White "Iljushin,A"]
[Black "Arbakov,V"]
[Result "1-0"]
[WhiteElo "2536"]
[BlackElo "2491"]

1.d4 Nf6 2.c4 d6 3.Nc3 Nbd7 4.Nf3 e5 5.e4 g6 6.Be2 Bg7 7.O-O O-O 8.Re1 Re8
9.Bf1 c6 10.d5 c5 11.a3 Rf8 12.b4 b6 13.Rb1 h6 14.g3 a6 15.Bg2 Ne8 16.Nh4 Kh7
17.Qd3 Bf6 18.Nf3 Bg7 19.Nh4 Ra7 20.Bd2 Nef6 21.Bf3 Ng8 22.Bd1 Ndf6 23.bxc5 bxc5
24.Na4 Bh3 25.Rb6 Qe7 26.Qb1 Nd7 27.Rb7 Rfa8 28.Rxa7 Rxa7 29.Re3 h5 30.Rb3 Bh6
31.Ba5 Ngf6 32.f3 Kg7 33.Ng2 Ne8 34.Bc2 Qg5 35.Nb2 Kh7 36.Nd1 Nf8 37.Nf2 Bd7
38.Rb8 h4 39.gxh4 Qf6 40.Bb6 Rc7 41.Bxc7 Nxc7 42.Bd1 Ne8 43.Qb6 Bd2 44.Qd8 Qxd8
45.Rxd8 Kg7 46.Nd3 a5 47.f4 exf4 48.e5 Bc3 49.e6 Bd4+ 50.Kf1 fxe6 51.dxe6 Bxe6
52.Rxe8 Bxc4 53.Nxf4 Bf7 54.Rc8 c4 55.Ne1 Be5 56.Neg2 Bb2 57.a4 Nd7 58.Rd8 Nc5
59.Rxd6 Be5 60.Rc6 Nb3 61.Ne6+ Kh6 62.Ngf4 Be8 63.Rc8 Bd7 64.Rg8 Kh7 65.Rf8 Bxa4
66.h5 gxh5 67.Bc2+ Kh6 68.Rf5 Bxf4 69.Nxf4 Bd7 70.Rxh5+  1-0

[Event "XXXVI Capablanca Mem Premier I"]
[Site "Havana CUB"]
[Date "2001.05.11"]
[Round "6"]
[White "Borges Mateos,J"]
[Black "Vazquez,R"]
[Result "0-1"]
[WhiteElo "2436"]
[BlackElo "2393"]

1.d4 Nf6 2.c4 g6 3.Nc3 Bg7 4.e4 O-O 5.Nf3 d6 6.Be2 e5 7.O-O exd4 8.Nxd4 Re8
9.f3 Nc6 10.Be3 Nh5 11.Qd2 Nf4 12.Nxc6 Nxe2+ 13.Nxe2 bxc6 14.Bd4 Bxd4+ 15.Nxd4 c5
16.Ne2 Bb7 17.Rfe1 Bc6 18.Qa5 Qb8 19.Nf4 Qxb2 20.Qxc7 Qd4+ 21.Kh1 Rac8 22.Qxa7 Qxc4
23.Red1 Qc3 24.Rab1 Qf6 25.Nd3 Ra8 26.Qb6 Rec8 27.Qb2 Qxb2 28.Rxb2 c4 29.Nc1 c3
30.Rb4 Rcb8 31.Rdd4 d5 32.Kg1 dxe4 33.Rbc4 Ra4 34.fxe4 Rb1 35.Rxa4 Rxc1+
36.Kf2 Bxa4 37.Rxa4 Ra1 38.Rc4 Rxa2+ 39.Kf3 Rc2 40.h3 h5 41.e5 Rc1 42.Ke3 Kf8
43.Rc7 h4 44.Kf4 Rc2 45.Kf3 Ke8 46.Rc4 g5 47.Rc7 Kf8 48.Rc4 Ke7 49.Rc6 Kd7
50.Rd6+ Ke8 51.Rc6 Ke7 52.Rc8 Ke6 53.Rc5 Kf5 54.e6+ Kxe6 55.Rxg5 Rd2 56.Rc5 c2
57.Rc8 Ke5 58.g3 Kd4 59.Rd8+ Kc3 60.Rc8+ Kb2 61.Rb8+ Ka1 62.Ra8+ Kb1 63.Rb8+ Kc1
64.gxh4 Kd1  0-1

[Event "65th ch-BUL"]
[Site "Tsarevo BUL"]
[Date "2001.05.11"]
[Round "1"]
[White "Cheparinov,I"]
[Black "Mladenov,Sv"]
[Result "1-0"]
[WhiteElo "2444"]
[BlackElo "2270"]

1.d4 Nf6 2.c4 g6 3.Nc3 Bg7 4.e4 d6 5.Nf3 O-O 6.Be2 e5 7.Be3 exd4 8.Nxd4 Re8
9.f3 c6 10.Bf2 Nh5 11.Qd2 Be5 12.g3 Ng7 13.O-O Na6 14.Rad1 Nc5 15.b4 Nce6
16.f4 Nxd4 17.Bxd4 Bxd4+ 18.Qxd4 Bh3 19.Rf2 f5 20.c5 fxe4 21.cxd6 e3 22.Rf3 Bg4
23.Rxe3 Rxe3 24.Qxe3 Bxe2 25.Qxe2 Qb6+ 26.Kh1 Qxb4 27.Ne4 Rf8 28.d7 Qe7 29.Qc4+ Qe6
30.Qb4 Rd8 31.Ng5 Rxd7 32.Nxe6 Rxd1+ 33.Kg2 Nxe6 34.Qxb7 Rd2+ 35.Kh3 Rd3
36.Qxc6 Nxf4+ 37.Kg4 Nd5 38.Kg5 Nb6 39.Qe8+ Kg7 40.Qe7+ Kg8 41.Kh6  1-0

[Event "TCh-YUG"]
[Site "Herceg Novi YUG"]
[Date "2001.05.14"]
[Round "1"]
[White "Laketic,G"]
[Black "Arsovic,Z"]
[Result "1/2-1/2"]
[WhiteElo "2448"]
[BlackElo "2403"]

1.d4 Nf6 2.c4 g6 3.Nc3 Bg7 4.e4 d6 5.Nf3 O-O 6.Be2 Nbd7 7.O-O e5 8.d5 Nc5
9.Qc2 a5 10.Bg5 h6 11.Bh4 g5 12.Bg3 Nh5 13.Nd2 Nf4 14.Rfe1 f5 15.Bf1 Qf6
16.Nb3 Nxe4 17.Nxe4 fxe4 18.Nd2 Bf5 19.Nxe4 Qg6 20.f3 b6 21.Kh1 Rf7 22.Rad1 Raf8
23.Bxf4  1/2-1/2

[Event "TCh-RUS"]
[Site "Tomsk RUS"]
[Date "2001.05.14"]
[Round "2"]
[White "Pevzner,L"]
[Black "Kravtsov,S"]
[Result "1-0"]
[WhiteElo "2357"]
[BlackElo "2391"]

1.d4 Nf6 2.Nf3 g6 3.c4 Bg7 4.Nc3 d6 5.e4 O-O 6.Be2 e5 7.Be3 Nc6 8.d5 Ne7
9.Nd2 Nd7 10.O-O f5 11.f3 f4 12.Bf2 g5 13.b4 Rf6 14.c5 Rh6 15.Rc1 Nf6 16.cxd6 cxd6
17.Nb5 b6 18.a4 Rg6 19.Nc7 Rb8 20.Ne6 Bxe6 21.dxe6 Kh8 22.Qb3 g4 23.Bh4 gxf3
24.Nxf3 h6 25.h3 Rc8 26.Rxc8 Qxc8 27.Rd1 Qc7 28.Qc4 Qb8 29.Qd3 Neg8 30.Qxd6 Qxd6
31.Rxd6 Nxe4 32.Rd8 Bf6  1-0

[Event "TCh-YUG"]
[Site "Herceg Novi YUG"]
[Date "2001.05.15"]
[Round "2"]
[White "Beliavsky,A"]
[Black "Markovic,Miros"]
[Result "1-0"]
[WhiteElo "2638"]
[BlackElo "2539"]

1.d4 Nf6 2.c4 g6 3.Nc3 Bg7 4.e4 d6 5.Nf3 O-O 6.Be2 e5 7.O-O Na6 8.Re1 c6
9.Bf1 Bg4 10.d5 c5 11.h3 Bd7 12.Nh2 Kh8 13.g4 Ng8 14.f4 f5 15.gxf5 gxf5 16.Nf3 exf4
17.e5 dxe5 18.Nxe5 Qh4 19.Nf3 Qg3+ 20.Bg2 Bxc3 21.bxc3 Nf6 22.Qd2 Rg8 23.Qf2 Nh5
24.Qxg3 Rxg3 25.Kh2 Rag8 26.Bh1 h6 27.Rb1 b6 28.Rb2 Nb8 29.Ne5 Be8 30.Rf2 Kh7
31.Bf3 R3g7 32.Nd3 Nf6 33.Nxf4 Nbd7 34.Ne6 Rg6 35.Bh1 Rg3 36.Rxf5 Rxc3 37.Rf2 Rxc4
38.Bb2 Rg6 39.Nf4 Rg5 40.Re7+ Rg7 41.Re6 Rf7 42.Nd3 Ra4 43.Rxe8 c4 44.Be4+  1-0

[Event "TCh-YUG"]
[Site "Herceg Novi YUG"]
[Date "2001.05.17"]
[Round "4"]
[White "Malakhatko,V"]
[Black "Ilincic,Z"]
[Result "1/2-1/2"]
[WhiteElo "2524"]
[BlackElo "2542"]

1.d4 Nf6 2.c4 g6 3.Nc3 Bg7 4.e4 d6 5.Nf3 O-O 6.Be2 e5 7.O-O Nh5 8.Bg5 f6
9.Be3 Nf4 10.c5 Nxe2+ 11.Qxe2 exd4 12.Nxd4 dxc5 13.Qc4+ Rf7 14.Qxc5 b6 15.Qd5 Qxd5
16.Nxd5 c6 17.Nc3 Bd7 18.Rfd1 Na6 19.Rd2 Re8 20.Rad1 Ree7 21.Bf4 Nc5 22.f3 Nb7
23.Kf2 h6 24.Bb8 a6 25.Ba7 b5 26.Bb6 Be8 27.Nb3 Rd7 28.Rxd7 Rxd7 29.Rxd7 Bxd7
30.Nc5 Nxc5 31.Bxc5 f5 32.Ke3 Kf7 33.a3 Bxc3 34.bxc3 a5  1/2-1/2

[Event "65th ch-BUL"]
[Site "Tsarevo BUL"]
[Date "2001.05.17"]
[Round "7"]
[White "Drenchev,P"]
[Black "Mladenov,Sv"]
[Result "0-1"]
[WhiteElo "2345"]
[BlackElo "2270"]

1.d4 Nf6 2.c4 g6 3.Nc3 Bg7 4.e4 d6 5.Be2 O-O 6.Nf3 e5 7.O-O Na6 8.Re1 c6
9.Bf1 Bg4 10.d5 Nb4 11.Be2 a5 12.g3 Ne8 13.Rb1 c5 14.a3 Na6 15.Bd2 Bd7 16.Nh4 Rb8
17.Qc2 Nac7 18.Ng2 f5 19.exf5 gxf5 20.f4 b6 21.Rf1 Qe7 22.Kh1 Kh8 23.Rbe1 Rg8
24.fxe5 dxe5 25.Ne3 Nd6 26.b4 axb4 27.axb4 Rgf8 28.bxc5 bxc5 29.Rb1 Kg8 30.Rxb8 Rxb8
31.Bd3 e4 32.Be2 Bd4 33.Rb1 Rf8 34.Qc1 Nce8 35.Ng2 Nf7 36.Rb7 Ned6 37.Ra7 Ne5
38.Bg5 Qf7 39.Nf4 Nf3  0-1

[Event "TCh-YUG"]
[Site "Herceg Novi YUG"]
[Date "2001.05.18"]
[Round "5"]
[White "Zontakh,A"]
[Black "Nevednichy,V"]
[Result "1/2-1/2"]
[WhiteElo "2532"]
[BlackElo "2563"]

1.d4 Nf6 2.Nf3 g6 3.c4 Bg7 4.Nc3 O-O 5.e4 d6 6.Be2 e5 7.O-O Nbd7 8.Re1 Re8
9.Bf1 a6 10.d5 a5  1/2-1/2

[Event "Open"]
[Site "Pula CRO"]
[Date "2001.05.18"]
[Round "1"]
[White "Teofilovic,V"]
[Black "Babula,V"]
[Result "1-0"]
[WhiteElo "2173"]
[BlackElo "2563"]

1.d4 Nf6 2.Nf3 g6 3.c4 Bg7 4.Nc3 O-O 5.e4 d6 6.Be2 e5 7.d5 a5 8.Bg5 h6 9.Bh4 Na6
10.Nd2 Qe8 11.O-O Bd7 12.Kh1 Nh7 13.a3 a4 14.Nb5 h5 15.f3 Bh6 16.b4 axb3
17.Nxb3 Be3 18.Qd3 Bb6 19.a4 g5 20.a5 Bc5 21.Be1 f5 22.Qc2 f4 23.Nxc5 dxc5
24.Qb2 Qe7 25.Bc3 Rae8 26.Rfd1 c6 27.d6 Qd8 28.Na3 Bc8 29.d7 Bxd7 30.Qxb7 Bc8
31.Qxc6 Qe7 32.Nb5 Qg7 33.Nd6 Re6 34.Qb5 Nf6 35.Nxc8 Rxc8 36.Bxe5 Rxe5 37.Qxa6 Ree8
38.Qd6 Re7 39.a6 Ne8 40.Qd5+ Kh8 41.a7  1-0

[Event "TCh-YUG"]
[Site "Herceg Novi YUG"]
[Date "2001.05.20"]
[Round "7"]
[White "Cabrilo,G"]
[Black "Radovanovic,D"]
[Result "1-0"]
[WhiteElo "2496"]
[BlackElo "2327"]

1.Nf3 Nf6 2.c4 g6 3.Nc3 Bg7 4.e4 d6 5.d4 O-O 6.Be2 e5 7.d5 a5 8.Bg5 h6 9.Bh4 Na6
10.Nd2 Qe8 11.O-O Nh7 12.a3 h5 13.f3 Bd7 14.b3 Bh6 15.Rb1 f5 16.b4 axb4 17.axb4 Nf6
18.Bf2 b6 19.Bd3 Qe7 20.Qe2 Bxd2 21.Qxd2 fxe4 22.Nxe4 Nxe4 23.Bxe4  1-0

[Event "TCh-RUS"]
[Site "Tomsk RUS"]
[Date "2001.05.20"]
[Round "7"]
[White "Malaniuk,V"]
[Black "Loginov,Va"]
[Result "1/2-1/2"]
[WhiteElo "2511"]
[BlackElo "2499"]

1.d4 Nf6 2.Nf3 g6 3.c4 Bg7 4.Nc3 O-O 5.e4 d6 6.Be2 e5 7.Be3 exd4 8.Nxd4 Re8
9.f3 c6 10.Bf2 d5 11.exd5 cxd5 12.O-O Nc6 13.c5 a6 14.Qd2 Qe7 15.Rfd1 Qxc5
16.Ne6 Qd6 17.Nxg7 Kxg7 18.Bf1 Be6 19.Bh4 Qb4 20.Qf2 d4 21.a3 Qb6 22.b4 h6
23.Na4 Qc7 24.Qb2 Qf4 25.Bf2 Rad8 26.Nc5 Bc8 27.Nb3 Nd5 28.Nxd4 Qf6 29.b5 axb5
30.Bxb5 Kh7 31.Qb3 Nf4 32.Nxc6 bxc6 33.Bf1 Be6 34.Qc2 Bd5 35.Bg3 Nh5 36.Bf2 Nf4
37.Bg3 Nh5 38.Bf2  1/2-1/2